000
00188 a2200085 4500
245
_a
POETRY OF THE FIRST WORLD WAR
_h
Text
100
_a
MAURICE HUSSEY
650
_a
literature
005
20191021095359.0
084
_a
NONE
999
_c
12168
_d
12168